American Countries That Start With a Vowel - Statistics

General Stats
  • This quiz has been taken 34 times
  • The average score is 6 of 6
Answer Stats
Answer % Correct
Antigua and Barbuda
100%
El Salvador
100%
Uruguay
100%
United States
93%
Argentina
90%
Ecuador
90%
No matching quizzes found
Score Distribution
Percent of People with Each Score
Percentile by Number Answered
Your Score History
You have not taken this quiz